| 000 | 00722nam a22001577a 4500 | ||
|---|---|---|---|
| 003 | OSt | ||
| 005 | 20151005165138.0 | ||
| 008 | 151005b xxu||||| |||| 00| 0 eng d | ||
| 040 | _cRUA | ||
| 082 | _aAVM CHH 2005 B075 Or.1 | ||
| 100 |
_92080 _aCHHEANG NORA |
||
| 245 | _aThe study on piglet's diarrhea during sucking milk feeding at chea pheng raising farm in pugnealeou district, kandal province, (ការសិក្សាអំពីជំងឺរាកកូនជ្រូកកំពុងបៅដោះ នៅកសិដ្ឋាន ជា ផេង ស្រុកពញាឭ ខេត្តកណ្ដាល) | ||
| 260 |
_aphnom penh _brua _c2005 |
||
| 300 |
_aviii, 38p. _bill. _c29cm. |
||
| 942 |
_2ddc _cAVM |
||
| 999 |
_c1965 _d1965 |
||